|
|
|
|
| LEADER |
00000nam a2200000 4500 |
| 001 |
vtls012255702 |
| 003 |
SK-MaSNL |
| 005 |
20260301171036.0 |
| 008 |
240502s2023 xo o g c 000 0dslo |
| 015 |
|
|
|a SNBE2024
|
| 020 |
|
|
|a 9788089330812
|q (brožované)
|
| 040 |
|
|
|a SNK
|b slo
|c SNK
|e rda
|
| 041 |
0 |
|
|a slo
|a hun
|
| 043 |
|
|
|a e-hu---
|a e-xo---
|
| 044 |
|
|
|a xo
|c SK
|
| 072 |
|
7 |
|a 75
|x Maliarstvo
|2 konspekt
|
| 080 |
|
|
|a 75(437.6)
|2 2011
|
| 080 |
|
|
|a 75.036/.038
|2 2011
|
| 080 |
|
|
|a (437.6)
|2 2011
|
| 080 |
|
|
|a (083.824)
|2 2011
|
| 080 |
|
|
|a 75(439)
|2 2011
|
| 080 |
|
|
|a (439)
|2 2011
|
| 111 |
2 |
|
|a Pertu
|n (15. :
|d 2023 :
|c Nové Zámky, Slovensko)
|4 aut
|9 538129
|
| 245 |
1 |
0 |
|a PERTU №15
|b Bohdan Hostiňák - Szotyory László : Galéria umenia Ernesta Zmetáka v Nových Zámkoch 14.9.-18.11.2023
|c kurátorka výstavy a autorka textu: Helena Markusková ; fotografie: Katalin Madarász Decsi ; preklad: Helena Markusková
|
| 246 |
3 |
0 |
|a Bohdan Hostiňák - Szotyory László
|
| 264 |
|
1 |
|a Nové Zámky
|b Galéria umenia Ernesta Zmetáka v Nových Zámkoch
|c 2023
|
| 300 |
|
|
|a 32 strán
|b fotografie
|c 30 cm
|
| 336 |
|
|
|a text
|b txt
|2 rdacontent
|
| 336 |
|
|
|a statický obraz
|b sti
|2 rdacontent
|
| 337 |
|
|
|a bez média
|b n
|2 rdamedia
|
| 338 |
|
|
|a zväzok
|b nc
|2 rdacarrier
|
| 366 |
|
|
|e 200 kusov
|
| 500 |
|
|
|a Názov z obálky
|
| 500 |
|
|
|a Životopisné dáta, prehľad výstav
|
| 504 |
|
|
|a Obsahuje bibliografické odkazy
|
| 546 |
|
|
|a Súbežný text v maďarčine
|
| 600 |
1 |
7 |
|a Hostiňák, Bohdan,
|d 1968-
|2 SNKMA
|9 207387
|
| 600 |
1 |
7 |
|a Szotyory, László,
|d 1957-
|2 SNKMA
|9 538130
|
| 648 |
|
7 |
|a 20.-21. storočie
|2 SNKPH
|9 302531
|
| 648 |
|
7 |
|a 20th-21st centuries
|2 SNKPHeng
|9 285312
|
| 650 |
0 |
7 |
|a Modern painting
|z Slovakia
|2 SNKPHeng
|9 440803
|
| 650 |
0 |
7 |
|a Modern painting
|z Hungary
|2 SNKPHeng
|9 538131
|
| 650 |
0 |
7 |
|a Slovak painting
|2 SNKPHeng
|9 302574
|
| 650 |
0 |
7 |
|a Hungarian painting
|2 SNKPHeng
|9 322495
|
| 650 |
0 |
7 |
|a slovenské maliarstvo
|2 SNKPH
|9 3124
|
| 650 |
0 |
7 |
|a maďarské maliarstvo
|2 SNKPH
|9 3118
|
| 650 |
0 |
7 |
|a moderné maliarstvo
|z Slovensko
|2 SNKPH
|9 307034
|
| 650 |
0 |
7 |
|a moderné maliarstvo
|z Maďarsko
|2 SNKPH
|9 538132
|
| 655 |
|
7 |
|a katalógy výstav
|2 SNKPH
|9 70445
|
| 655 |
|
7 |
|a Exhibition catalogs
|2 SNKPHeng
|9 266232
|
| 700 |
1 |
|
|a Markusková, Helena,
|d 1963-
|4 aut
|4 cur
|4 trl
|9 92778
|
| 700 |
1 |
|
|a Madarász Decsi, Katalin,
|d 1982-
|4 pht
|9 217181
|
| 852 |
|
|
|a Slovenská národná knižnica
|
| 919 |
|
|
|a 978-80-89330-81-2
|
| 954 |
|
|
|a obrazové publikácie zamerané na výtvarné umenie a fotografiu pôvodné (slovenské)
|2 lita
|
| 958 |
|
|
|a NB
|
| 999 |
|
|
|c 829549
|d 831479
|
| 952 |
|
|
|a SNK
|b SNK
|y NEVYP
|7 1
|p 17A1547064
|o snkOSB 21355
|i snk2024/7066
|8 0
|0 0
|1 0
|4 0
|d 2024-05-02
|l 0
|r 2026-02-24 03:33:58
|w 2026-02-24
|
| 952 |
|
|
|a SNK
|b SNK
|y VYP
|7 0
|p 17A1547065
|o snkOSB 21355 D1
|i snk2024/7067
|8 0
|0 0
|1 0
|4 0
|d 2024-05-02
|l 0
|r 2026-02-24 03:33:58
|w 2026-02-24
|